000 00467nam a2200181Ia 4500
005 20240823055922.0
008 240823s9999||||xx |||||||||||||| ||und||
041 _aENGLISH
082 _A617.8 Q5
100 _a"Jack Katz etal.,"
245 0 _aHandbook of Clinical Audiology
250 _a7th
260 _c2015
_bWolters K
500 _aTRANSFERED
650 _aAudiology Speech and Language Pathology
_bAllied Health Science
942 _cBK
999 _c229908
_d229908